| 000 | 00824cam a2200241 4500 | ||
|---|---|---|---|
| 001 | WS121383 | ||
| 008 | 030218n 000 0 eng u | ||
| 035 | _a(Sirsi) u121383 | ||
| 245 | _aEconomic History Services | ||
| 520 | _aWeb site specialising in economic history and including detailed tables showing the historic data on the value of the dollar, GDP annually, purchasing power if the pound and dollar, price of gold and inflation rates in US and UK. | ||
| 650 | _aINFLATION | ||
| 650 | _aUNITED STATES | ||
| 650 | _aEXCHANGE RATES | ||
| 650 | _aGOLD | ||
| 650 | _aINTERNATIONAL | ||
| 650 | _aGDP | ||
| 650 | _aSTATISTICS | ||
| 650 | _aPURCHASING POWER | ||
| 650 | _aHISTORY | ||
| 690 | _aECONOMIC ISSUES | ||
| 856 | 4 | 0 |
_uhttps://www.eh.net _zView the website free of charge at www.eh.net... |
| 942 | _n0 | ||
| 999 |
_c120235 _d120235 |
||